Najpopularniejsze religie świata - Statystyki

Ogólne statystyki
  • Ten quiz został rozwiązany 60 razy
  • Średni wynik to 6 z 15
Statystyki odpowiedzi
Odpowiedź % Poprawnych
Chrześcijaństwo
98%
Islam
96%
Buddyzm
93%
Judaizm
74%
Hinduizm
70%
Shinto
31%
Taoizm
30%
Sikhizm
22%
Dżinizm
11%
Bahaizm
9%
Satanizm
7%
Wicca|Wikka
6%
Zoroastrianizm
4%
Komfucjanizm
2%
Politeizm
2%
Nie znaleziono quizów pasujących do podanych kryteriów
Rozkład punktacji
Procent ludzi z każdym wynikiem
Percentyl według liczby udzielonych odpowiedzi
Twoja historia wyników
Nie rozwiązałeś tego quizu